Las cosmicómicas

Uloženo v:
Podrobná bibliografie
Hlavní autor: Calvino, Italo (Autor)
Médium: Kniha
Jazyk:španělština
Vydáno: Barcelona Minotauro 1985
Témata:
Tagy: Přidat tag
Žádné tagy, Buďte první, kdo vytvoří štítek k tomuto záznamu!

MARC

LEADER 00000nam a2200000 a 4500
001 UCS3816
003 CL-VaPUC
008 970718e19850000SP |||||||||||||||||spa|d
082 0 4 |a 853  |b CAL  |2 21 
100 |a Calvino, Italo  |e author  |9 322824 
245 1 4 |a Las cosmicómicas 
300 |a 188 p 
942 |c BK 
945 |d 19970718 00:00:00  |a rleighto 
260 |a Barcelona  |b Minotauro  |c 1985 
650 7 |a CUENTOS ITALIANOS  |2 CL-VaPUC  |9 310431 
650 0 |a Literatura fantástica   |9 266050 
650 0 |a Literatura italiana  |9 266970 
583 |a last modification  |c 19970718 00:00:00  |k Rodrigo Vera 
999 |c 261367  |d 261365 
952 |0 0  |1 0  |4 0  |6 853_000000000000000_CAL_1985  |7 0  |8 A  |9 288760  |a BIBARQ  |b BIBARQ  |d 2019-11-19  |i 3326853  |o 853 CAL 1985  |p 3326853  |r 2025-01-20  |w 2019-11-19  |y BK  |k ARQ